| 000 | 01052nam a22003257a 4500 | ||
|---|---|---|---|
| 003 | CHAP | ||
| 005 | 20220817042355.0 | ||
| 008 | 971013s1948 r 00010 d | ||
| 010 | _a42694 | ||
| 011 | _a43666 | ||
| 035 | _a47802 | ||
| 040 | _cCHAP | ||
| 082 |
_a634.9562 _bE83 |
||
| 110 |
_aE.U.A. Forest Service _934933 |
||
| 245 | _aWoody-plant seed manual | ||
| 260 |
_aWashington : _bGovernment Printing Office, _c1948 |
||
| 300 |
_a416 p. _b: ilus. |
||
| 490 |
_aU.S.D.A. Miscellaneous publication _v; 654 |
||
| 590 |
_aBATCH-UPD _b10 _c20130110 _lUCH01 _h1836 |
||
| 590 |
_aBATCH-UPD _b10 _c20130914 _lUCH01 _h1848 |
||
| 590 |
_aCONVERSION _b10 _c20130109 _lUCH01 _h1323 |
||
| 650 | 1 | 4 |
_aÁrboles _xE.U.A. _96592 |
| 650 | 1 | 4 |
_aArbustos _xE.U.A. _96723 |
| 650 | 1 | 4 | _aSemillas. |
| 830 | 0 |
_aU.S.D.A. Miscellaneous publication _v; 654 _9115794 |
|
| 901 | _aBK | ||
| 942 | _cLIBRO | ||
| 949 |
_a634.9562 E83 _bBC _cLIBRO _d33724000244638 _eLIBRO _h23809 _i47802 _mD _si |
||
| 949 |
_a634.9562 E83 _bBC _cLIBRO _d33724002206397 _eLIBRO _fc.2 _h51674 _i47802 _mD _si |
||
| 999 |
_c42694 _d42694 |
||